| 000 | 00479nam a22001697a 4500 | ||
|---|---|---|---|
| 003 | NUST - PNEC | ||
| 005 | 20170116181147.0 | ||
| 008 | 151013b xxu||||| |||| 00| 0 eng d | ||
| 020 | _a0070589437 | ||
| 040 | _cLIBRARY | ||
| 082 | _a658.15 SEP | ||
| 100 |
_915142 _aSepulveda A.Jose |
||
| 245 |
_aSchaums Outline Of Theory And Problems Of Engineering Economics _c A.Jose,Sepulveda |
||
| 260 | _cc 1984 | ||
| 650 |
_915143 _aEngineering Economics _xEE/ MIS |
||
| 942 |
_2ddc _cBK |
||
| 999 |
_c70785 _d70785 |
||